000 01206nam a2200289 a 4500
001 000003053
003 DO-SdBNP
005 20250210113909.0
008 090706s1992 dr r 000 0 spa d
040 _aDO-SdBNP
_bspa
_cBNPHU
082 _a341.37
_bA696m
100 1 _aArias, Luis,
_q(Arias Núñez)
_99356
245 1 0 _aManual de procedimientos de tratados internacionales /
_cLuis Arias Núñez ; prólogo Enmanuel T. Esquea Guerrero.
260 _aSanto Domingo :
_bUniversitaria (UASD),
_c1992.
300 _a145 p. ;
_c21 cm.
490 1 _aPublicaciones de la Universidad Autónoma de Santo Domingo
_v672
490 1 _aDerecho y política
_v11
504 _aIncluye referencias bibliográficas y notas al pie de las páginas.
590 _aInventariado, 2019/MFF
650 4 _aDerecho internacional público
_99388
650 7 _aTratados internacionales
_xManuales
_2Sears
_99651
651 4 _aRepública Dominicana
_xTratados Internacionales
_99650
700 1 _aEsquea Guerrero, Enmanuel T.,
_epról.
_99613
830 0 _aPublicaciones de la Universidad Autónoma de Santo Domingo ;
_v672
_pDerecho y política
_n11
_99614
910 _aValidado. Control de calidad. MMOLINA
942 _2ddc
_cLBS1
999 _c2884
_d2884